Manažérske prístupy, metódy a technológie na zefektívňovanie distribučných procesov a spolupráce v distribučnom kanáli
Manažérske prístupy a metódy, ktorých aplikácia v praxi má konkrétne prínosy a uľahčujú a zrýchľujú cestu produktu distribučným kanálom. Využite SCM (Supply chain management) v distribučných procesoch. Outsourcing distribučných procesov. Využitie metódy ECR v distribučných procesoch. Čiarové kódy a...
Guardado en:
| Autor principal: | |
|---|---|
| Otros Autores: | |
| Formato: | Capítulo de libro |
| Lenguaje: | eslovaco |
| Materias: | |
| Etiquetas: |
Sin Etiquetas, Sea el primero en etiquetar este registro!
|
MARC
| LEADER | 00000naa$a2200000$$$4500 | ||
|---|---|---|---|
| 001 | 0120021 | ||
| 005 | 20240502072337.0 | ||
| 041 | 0 | |a slo | |
| 044 | |a SK | ||
| 245 | 1 | 0 | |a Manažérske prístupy, metódy a technológie na zefektívňovanie distribučných procesov a spolupráce v distribučnom kanáli |c Miloš Gabriš, Monika Kremeňová |
| 520 | |a Manažérske prístupy a metódy, ktorých aplikácia v praxi má konkrétne prínosy a uľahčujú a zrýchľujú cestu produktu distribučným kanálom. Využite SCM (Supply chain management) v distribučných procesoch. Outsourcing distribučných procesov. Využitie metódy ECR v distribučných procesoch. Čiarové kódy a RFID v distribučných procesoch. Spolupráca v rámci distribučného kanála. | ||
| 610 | 2 | 0 | |a manažment |
| 610 | 2 | 0 | |a riadenie |
| 610 | 2 | 0 | |a metódy riadenia |
| 610 | 2 | 0 | |a vzťahy dodávateľsko-odberateľské |
| 610 | 2 | 0 | |a riadenie vzťahov s dodávateľmi |
| 610 | 2 | 0 | |a outsourcing |
| 610 | 2 | 0 | |a označovanie tovarov |
| 610 | 2 | 0 | |a technológie nové |
| 610 | 2 | 0 | |a kódy čiarové |
| 610 | 2 | 0 | |a systémy informačné |
| 610 | 2 | 0 | |a spolupráca podnikov |
| 100 | 1 | |a Gabriš, Miloš | |
| 700 | 1 | |a Kremeňová, Monika | |